000 00501nam a2200217Ia 4500
008 210210b1961 xxu||||| |||| 00| 0 eng d
041 _aeng
082 _a336/113
100 _aINTERNATIONAL LABOUR OFFICE
245 _aTrade union situation in the United Kingdom
260 _aGeneva
_b-
_c1961
650 _aUnited
650 _aunion
650 _aTrade
650 _athe
650 _asituation
650 _aKingdom
650 _ain
690 _aEconomic History
906 _a004850
999 _c128452
_d128452